Arte e historia en el sur colonial de Quintana Roo, siglos XVI-XVIII

Bibliographic Details
Main Author: Espinosa Sǹchez, Juan Manuel
Format: eBook
Language:Spanish
Published: Mx̌ico D.F.: Plaza y Valdš Editores, 2011
Subjects:
Online Access:Acceso restringido

MARC

LEADER 00000nam a22000007a 4500
005 2013071105555.0
007 cr|||| ||||
008 130711s2011 mx |||||s|||| 00||0 spa d
020 |a 978-607-402-387-9 
035 |a 11417 
040 |a vLex 
090 |c 4434  |d 4434 
100 1 |a Espinosa Sǹchez, Juan Manuel 
245 1 0 |a Arte e historia en el sur colonial de Quintana Roo, siglos XVI-XVIII  |h [Recurso electrn̤ico] /  |c Juan Manuel Espinosa Sǹchez  
256 |a Servicio en ln̕ea 
260 |a Mx̌ico D.F.:  |b Plaza y Valdš Editores,  |c 2011 
300 |a 1 recurso electrn̤ico 
506 1 |a Contenido solo disponible en los productos indicados  |d vLex Global  |d vLex Global (Academic Edition, excluding Law Schools)  |d vLex Global (U.S. Academic Edition, Law Schools)  |d vLex Global (U.S. Academic Edition, excluding Law Schools)  |d vLex Global (Academic Edition, Law Schools) 
650 0 4 |a Historia colonial  |z Mx̌ico 
740 0 |a vLex Libros (Servicio en ln̕ea) 
856 4 0 |u http://vlex.com/source/arte-historia-sur-colonial-quintana-roo-siglos-xvi-xviii-11417  |z Acceso restringido 
942 |c BOOK 
999 0 |a Colonies